[Event "Poznan Chess Festival"]
[Site "chess24.com"]
[Date "2021.08.15"]
[Round "2"]
[White "Andrzejewska, Anna"]
[Black "Kabzinski, Jan"]
[Result "1-0"]
[Board "13"]
[WhiteElo "1948"]
[WhiteTitle "WCM"]
[WhiteCountry "POL"]
[WhiteFideId "1127284"]
[WhiteEloChange "2"]
[BlackElo "1532"]
[BlackCountry "POL"]
[BlackFideId "21875146"]
[BlackEloChange "-2"]

1. e4 {[%clk 1:30:59]} c5 {[%clk 1:30:59]} 2. Nf3 {[%clk 1:31:20]} Nc6 {[%clk
1:31:28]} 3. d4 {[%clk 1:31:42]} cxd4 {[%clk 1:31:57]} 4. Nxd4 {[%clk 1:32:05]}
Nf6 {[%clk 1:32:23]} 5. Nc3 {[%clk 1:32:23]} d6 {[%clk 1:32:51]} 6. Bg5 {[%clk
1:25:03]} e6 {[%clk 1:33:11]} 7. Qd2 {[%clk 1:21:27]} a6 {[%clk 1:33:21]} 8.
O-O-O {[%clk 1:18:06]} Bd7 {[%clk 1:33:46]} 9. f3 {[%clk 1:17:03]} h6 {[%clk
1:33:51]} 10. Be3 {[%clk 1:17:06]} b5 {[%clk 1:34:19]} 11. Bd3 {[%clk 1:13:44]}
Ne5 {[%clk 1:33:25]} 12. Kb1 {[%clk 1:11:28]} b4 {[%clk 1:30:40]} 13. Nce2 {[%clk
1:11:30]} d5 {[%clk 1:30:51]} 14. Bf4 {[%clk 0:50:01]} dxe4 {[%clk 1:26:05]} 15.
Bxe5 {[%clk 0:49:08]} exd3 {[%clk 1:26:18]} 16. Qxd3 {[%clk 0:46:53]} Be7 {[%clk
1:24:31]} 17. g4 {[%clk 0:44:20]} Ra7 {[%clk 1:16:03]} 18. h4 {[%clk 0:41:33]}
Qa5 {[%clk 1:09:53]} 19. Bg3 {[%clk 0:33:35]} Bb5 {[%clk 1:08:10]} 20. Qe3 {[%clk
0:31:01]} Nd5 {[%clk 1:06:53]} 21. Qe5 {[%clk 0:28:58]} O-O {[%clk 1:03:57]} 22.
g5 {[%clk 0:26:14]} Bxe2 {[%clk 0:53:37]} 23. Nxe2 {[%clk 0:19:35]} Rb7 {[%clk
0:48:25]} 24. Nd4 {[%clk 0:16:34]} Nc3+ {[%clk 0:45:28]} 25. bxc3 {[%clk
0:16:41]} bxc3+ {[%clk 0:44:33]} 26. Nb3 {[%clk 0:16:46]} Rb5 {[%clk 0:43:12]}
27. Qc7 {[%clk 0:12:54]} Qb4 {[%clk 0:36:23]} 28. Be1 {[%clk 0:11:07]} Rb7 {[%clk
0:34:42]} 29. Qxc3 {[%clk 0:11:13]} Qa3 {[%clk 0:34:48]} 30. f4 {[%clk 0:09:39]}
Rfb8 {[%clk 0:33:07]} 31. Qb2 {[%clk 0:07:35]} Qa4 {[%clk 0:33:02]} 32. Bc3
{[%clk 0:03:45]} Bf8 {[%clk 0:28:05]} 33. gxh6 {[%clk 0:03:15]} g6 {[%clk
0:28:21]} 34. h7+ {[%clk 0:03:05]} Kxh7 {[%clk 0:28:46]} 35. h5 {[%clk 0:03:08]}
g5 {[%clk 0:28:39]} 36. fxg5 {[%clk 0:02:41]} Ba3 {[%clk 0:27:48]} 37. g6+ {[%clk
0:03:04]} Kg8 {[%clk 0:27:58]} 38. gxf7+ {[%clk 0:01:49]} Kxf7 {[%clk 0:28:22]}
39. Rhf1+ {[%clk 0:01:50]} Ke8 {[%clk 0:28:51]} 40. Qa1 {[%clk 0:02:08]} a5
{[%clk 0:28:03]} 41. Bg7 {[%clk 0:01:38]} Qc4 {[%clk 0:25:42]} 42. Qf6 {[%clk
0:01:18]} Qe4 {[%clk 0:19:28]} 43. Ka1 {[%clk 0:00:40]} a4 {[%clk 0:19:43]} 44.
Rfe1 {[%clk 0:00:42]} 1-0

[Event "Poznan Chess Festival"]
[Site "chess24.com"]
[Date "2021.08.15"]
[Round "2"]
[White "Twardowski, Hubert"]
[Black "Jagodzinski, Olaf"]
[Result "0-1"]
[Board "15"]
[WhiteElo "1877"]
[WhiteCountry "POL"]
[WhiteFideId "1190415"]
[WhiteEloChange "-18"]
[BlackElo "1519"]
[BlackCountry "POL"]
[BlackFideId "21002614"]
[BlackEloChange "18"]

1. e4 {[%clk 1:30:30]} c5 {[%clk 1:30:49]} 2. Nf3 {[%clk 1:30:54]} e6 {[%clk
1:31:08]} 3. d4 {[%clk 1:31:08]} cxd4 {[%clk 1:31:32]} 4. Nxd4 {[%clk 1:31:27]}
Nf6 {[%clk 1:31:57]} 5. Bd3 {[%clk 1:15:24]} d6 {[%clk 1:31:57]} 6. Nc3 {[%clk
1:15:24]} Be7 {[%clk 1:31:57]} 7. O-O {[%clk 1:15:24]} O-O {[%clk 1:31:57]} 8.
Kh1 {[%clk 1:15:24]} Nc6 {[%clk 1:31:57]} 9. Nb3 {[%clk 1:11:22]} a6 {[%clk
1:27:30]} 10. f4 {[%clk 1:04:52]} Qc7 {[%clk 1:13:11]} 11. a4 {[%clk 1:02:36]} b6
{[%clk 1:12:10]} 12. Qf3 {[%clk 0:56:15]} Bb7 {[%clk 1:09:14]} 13. Be3 {[%clk
0:54:36]} Nd7 {[%clk 0:53:09]} 14. Qh3 {[%clk 0:46:11]} Nb4 {[%clk 0:47:51]} 15.
f5 {[%clk 0:41:51]} e5 {[%clk 0:41:02]} 16. Rad1 {[%clk 0:38:56]} Rad8 {[%clk
0:33:40]} 17. Qg3 {[%clk 0:30:13]} Kh8 {[%clk 0:30:27]} 18. Bg1 {[%clk 0:25:29]}
Nf6 {[%clk 0:26:33]} 19. Qe3 {[%clk 0:22:05]} Nd7 {[%clk 0:24:30]} 20. Rd2 {[%clk
0:08:02]} h6 {[%clk 0:21:54]} 21. Rdd1 {[%clk 0:08:26]} Bg5 {[%clk 0:21:18]} 22.
Qe2 {[%clk 0:05:43]} Nf6 {[%clk 0:16:34]} 23. Nd2 d5 {[%clk 0:12:25]} 24. Nf3
dxe4 {[%clk 0:08:44]} 25. Nxe4 Nxd3 {[%clk 0:07:15]} 26. cxd3 Nxe4 {[%clk
0:06:10]} 27. dxe4 Bf6 {[%clk 0:06:24]} 28. Rc1 Qd6 {[%clk 0:05:41]} 29. Rfe1 Rc8
{[%clk 0:04:11]} 30. Rcd1 Qc6 {[%clk 0:04:08]} 31. b3 Rfd8 {[%clk 0:03:32]} 32.
Rd3 a5 {[%clk 0:03:13]} 33. Rxd8+ Rxd8 {[%clk 0:03:37]} 34. Qe3 b5 {[%clk
0:03:17]} 35. Rc1 Qxe4 {[%clk 0:02:59]} 36. Qxe4 Bxe4 {[%clk 0:03:23]} 37. axb5
Rb8 {[%clk 0:03:04]} 38. b6 Bxf5 {[%clk 0:03:12]} 39. Rc7 Be6 {[%clk 0:03:14]}
40. Nd2 Bd8 {[%clk 0:03:04]} 41. Rc6 Kh7 {[%clk 0:03:18]} 42. Nc4 Bxc4 {[%clk
0:03:02]} 43. bxc4 Be7 {[%clk 0:03:05]} 44. Rc7 Bd8 {[%clk 0:03:23]} 45. Rc6 Be7
{[%clk 0:03:25]} 46. Be3 a4 {[%clk 0:03:32]} 47. Bc1 a3 {[%clk 0:03:13]} 48. c5
a2 {[%clk 0:03:32]} 49. Bb2 Bxc5 {[%clk 0:03:17]} 50. Bxe5 Rxb6 {[%clk 0:03:20]}
51. Rxb6 Bxb6 {[%clk 0:03:20]} 52. g3 Kg6 {[%clk 0:03:39]} 53. Kg2 Kf5 {[%clk
0:04:03]} 54. Bb2 Bc7 {[%clk 0:04:10]} 55. Kf2 0-1

[Event "Poznan Chess Festival"]
[Site "chess24.com"]
[Date "2021.08.15"]
[Round "2"]
[White "Szafranski, Maciej"]
[Black "Rozumek, Krzysztof"]
[Result "1-0"]
[Board "16"]
[WhiteElo "1526"]
[WhiteCountry "POL"]
[WhiteFideId "21805580"]
[WhiteEloChange "17"]
[BlackElo "1859"]
[BlackCountry "POL"]
[BlackFideId "1180215"]
[BlackEloChange "-17"]

1. c4 {[%clk 1:30:59]} e5 {[%clk 1:30:48]} 2. d3 {[%clk 1:31:18]} Bc5 {[%clk
1:31:15]} 3. Nf3 {[%clk 1:31:29]} d6 {[%clk 1:31:27]} 4. g3 {[%clk 1:31:48]} c6
{[%clk 1:31:54]} 5. Bg2 {[%clk 1:32:05]} f5 {[%clk 1:32:05]} 6. O-O {[%clk
1:31:18]} Nf6 {[%clk 1:32:33]} 7. a3 {[%clk 1:31:11]} a5 {[%clk 1:30:58]} 8. e3
{[%clk 1:27:14]} Bb6 {[%clk 1:31:22]} 9. Nc3 {[%clk 1:25:46]} O-O {[%clk
1:31:29]} 10. Bd2 {[%clk 1:25:51]} Nbd7 {[%clk 1:23:56]} 11. b4 {[%clk 1:25:37]}
Re8 {[%clk 1:23:54]} 12. b5 {[%clk 1:25:08]} d5 {[%clk 1:08:49]} 13. Rb1 {[%clk
1:10:38]} e4 {[%clk 0:56:09]} 14. Nd4 {[%clk 1:09:12]} Ne5 {[%clk 0:56:17]} 15.
dxe4 {[%clk 1:04:38]} dxe4 {[%clk 0:47:09]} 16. bxc6 {[%clk 1:03:31]} bxc6 {[%clk
0:46:21]} 17. Nce2 {[%clk 0:57:39]} c5 {[%clk 0:40:11]} 18. Nb5 {[%clk 0:55:03]}
Nxc4 {[%clk 0:33:10]} 19. Bc3 {[%clk 0:53:44]} Rb8 {[%clk 0:16:46]} 20. Qa4
{[%clk 0:52:08]} Be6 {[%clk 0:16:06]} 21. Rfc1 {[%clk 0:50:20]} Nd7 {[%clk
0:08:21]} 22. Nf4 {[%clk 0:49:10]} Bf7 {[%clk 0:08:34]} 23. Bf1 {[%clk 0:49:21]}
Nce5 {[%clk 0:05:36]} 24. Nd6 {[%clk 0:49:18]} Rf8 {[%clk 0:03:07]} 25. Nxf7
{[%clk 0:48:47]} Rxf7 {[%clk 0:02:59]} 26. Bxe5 {[%clk 0:47:31]} Nxe5 {[%clk
0:03:11]} 27. Ne6 {[%clk 0:47:16]} Qc8 {[%clk 0:02:47]} 28. Nxc5 {[%clk 0:46:55]}
Rc7 {[%clk 0:02:05]} 29. Nb3 {[%clk 0:45:55]} Nf3+ {[%clk 0:01:59]} 30. Kg2
{[%clk 0:46:21]} Kh8 {[%clk 0:01:33]} 31. Rxc7 {[%clk 0:46:31]} Qxc7 {[%clk
0:01:32]} 32. Rc1 {[%clk 0:46:08]} Qd8 {[%clk 0:01:17]} 33. Be2 {[%clk 0:41:49]}
Ne5 {[%clk 0:00:57]} 34. Rd1 {[%clk 0:41:12]} Qc7 {[%clk 0:01:09]} 35. Nd4 {[%clk
0:41:11]} g6 {[%clk 0:01:01]} 36. Ne6 {[%clk 0:36:32]} Qe7 {[%clk 0:00:57]} 37.
Qb3 {[%clk 0:34:52]} h6 {[%clk 0:00:38]} 38. Qd5 {[%clk 0:34:17]} Bc7 {[%clk
0:00:51]} 39. Nf4 {[%clk 0:34:09]} Kg7 {[%clk 0:01:07]} 40. Rc1 {[%clk 0:33:59]}
Bd6 {[%clk 0:00:35]} 41. Qxa5 {[%clk 0:30:35]} Rb7 {[%clk 0:00:47]} 42. Rc8
{[%clk 0:28:26]} Ra7 {[%clk 0:00:33]} 43. Qd5 {[%clk 0:28:39]} Nf7 {[%clk
0:00:52]} 44. Ne6+ {[%clk 0:27:10]} Kf6 {[%clk 0:00:36]} 45. Nd4 {[%clk 0:27:20]}
Kg7 {[%clk 0:00:47]} 46. Nc6 {[%clk 0:27:43]} Qb7 {[%clk 0:01:11]} 47. Qd4+
{[%clk 0:27:42]} Kh7 {[%clk 0:01:00]} 48. Nxa7 {[%clk 0:27:41]} Bb8 {[%clk
0:00:31]} 49. Qb4 {[%clk 0:27:19]} 1-0

[Event "Poznan Chess Festival"]
[Site "chess24.com"]
[Date "2021.08.15"]
[Round "2"]
[White "Swiatek, Mateusz"]
[Black "Szelag, Zuzanna"]
[Result "0-1"]
[Board "17"]
[WhiteElo "1501"]
[WhiteCountry "POL"]
[WhiteFideId "21837678"]
[WhiteEloChange "-3"]
[BlackElo "1839"]
[BlackCountry "POL"]
[BlackFideId "1195522"]
[BlackEloChange "3"]

1. e4 {[%clk 1:30:57]} c5 {[%clk 1:30:57]} 2. Nf3 {[%clk 1:31:17]} d6 {[%clk
1:31:23]} 3. d4 {[%clk 1:31:36]} cxd4 {[%clk 1:31:49]} 4. Nxd4 {[%clk 1:32:00]}
Nf6 {[%clk 1:32:16]} 5. Nc3 {[%clk 1:32:14]} a6 {[%clk 1:32:43]} 6. Be2 {[%clk
1:32:12]} e5 {[%clk 1:33:06]} 7. Nb3 {[%clk 1:32:21]} Be7 {[%clk 1:33:29]} 8. Be3
{[%clk 1:31:52]} Be6 {[%clk 1:33:26]} 9. Bf3 {[%clk 1:26:07]} O-O {[%clk
1:31:43]} 10. O-O {[%clk 1:26:14]} b5 {[%clk 1:28:21]} 11. a3 {[%clk 1:26:22]}
Nbd7 {[%clk 1:26:18]} 12. Bg5 {[%clk 1:19:17]} Rc8 {[%clk 1:21:14]} 13. Bxf6
{[%clk 1:15:44]} Nxf6 {[%clk 1:21:03]} 14. Qd2 {[%clk 1:15:54]} Qc7 {[%clk
1:17:39]} 15. Rfd1 {[%clk 1:13:17]} Nd7 {[%clk 1:12:55]} 16. Rac1 {[%clk
1:08:26]} h6 {[%clk 1:11:01]} 17. Nd5 {[%clk 1:04:09]} Bxd5 {[%clk 1:11:20]} 18.
Qxd5 {[%clk 1:04:20]} Bg5 {[%clk 1:03:54]} 19. Nd2 {[%clk 1:01:56]} Nb6 {[%clk
1:04:06]} 20. Qa2 {[%clk 1:00:55]} Nc4 {[%clk 1:00:20]} 21. Nxc4 {[%clk 0:52:50]}
Bxc1 {[%clk 0:59:56]} 22. Nxd6 {[%clk 0:52:48]} Rcd8 {[%clk 1:00:22]} 23. Rxc1
{[%clk 0:51:00]} Rxd6 {[%clk 1:00:09]} 24. c4 {[%clk 0:50:17]} Rfd8 {[%clk
0:56:51]} 25. h3 {[%clk 0:50:10]} Rd2 {[%clk 0:53:06]} 26. c5 {[%clk 0:49:47]}
Qd7 {[%clk 0:51:34]} 27. Bh5 {[%clk 0:42:18]} Rf8 {[%clk 0:50:06]} 28. Qb3 {[%clk
0:38:30]} Qd4 {[%clk 0:44:31]} 29. Qg3 {[%clk 0:38:23]} Qxb2 {[%clk 0:43:45]} 30.
Rc3 {[%clk 0:38:43]} Rxf2 {[%clk 0:41:31]} 31. Rd3 {[%clk 0:38:27]} Rc2 {[%clk
0:40:36]} 32. Rd5 {[%clk 0:32:03]} Qc1+ {[%clk 0:37:10]} 33. Rd1 {[%clk 0:31:52]}
Qf4 {[%clk 0:37:11]} 34. Qb3 {[%clk 0:32:06]} Qf2+ {[%clk 0:37:36]} 0-1

[Event "Poznan Chess Festival"]
[Site "chess24.com"]
[Date "2021.08.15"]
[Round "2"]
[White "Kostecka, Marika"]
[Black "Zarzycki, Lukasz"]
[Result "1/2-1/2"]
[Board "18"]
[WhiteElo "1833"]
[WhiteTitle "WCM"]
[WhiteCountry "POL"]
[WhiteFideId "1193473"]
[WhiteEloChange "-8"]
[BlackElo "1494"]
[BlackCountry "POL"]
[BlackFideId "21843511"]
[BlackEloChange "8"]

1. e4 {[%clk 1:30:58]} e5 {[%clk 1:30:56]} 2. Nf3 {[%clk 1:31:19]} Nc6 {[%clk
1:31:22]} 3. Bb5 {[%clk 1:31:42]} a6 {[%clk 1:31:45]} 4. Ba4 {[%clk 1:32:07]} Nf6
{[%clk 1:32:09]} 5. O-O {[%clk 1:32:19]} Be7 {[%clk 1:32:07]} 6. Re1 {[%clk
1:32:32]} b5 {[%clk 1:32:32]} 7. Bb3 {[%clk 1:32:53]} O-O {[%clk 1:32:55]} 8. c3
{[%clk 1:33:10]} d5 {[%clk 1:32:45]} 9. d4 {[%clk 1:33:34]} dxe4 {[%clk 1:33:01]}
10. Nxe5 {[%clk 1:33:48]} Nxe5 {[%clk 1:33:19]} 11. dxe5 {[%clk 1:34:10]} Qxd1
{[%clk 1:33:43]} 12. Bxd1 {[%clk 1:29:58]} Nd7 {[%clk 1:34:06]} 13. Bc2 {[%clk
1:23:59]} Nxe5 {[%clk 1:34:13]} 14. Bxe4 {[%clk 1:22:59]} Rb8 {[%clk 1:34:33]}
15. Bf4 {[%clk 1:22:20]} Bd6 {[%clk 1:22:02]} 16. Nd2 {[%clk 1:10:41]} Nc4 {[%clk
0:49:02]} 17. Bxd6 {[%clk 1:07:31]} Nxd6 {[%clk 0:49:10]} 18. Bc6 {[%clk
0:57:35]} Nc4 {[%clk 0:30:00]} 19. Nxc4 {[%clk 0:52:56]} bxc4 {[%clk 0:30:28]}
20. Rab1 {[%clk 0:45:08]} Rb6 {[%clk 0:23:23]} 21. Bd5 {[%clk 0:30:46]} Be6
{[%clk 0:22:02]} 22. Bxe6 {[%clk 0:27:37]} fxe6 {[%clk 0:22:01]} 23. Red1 {[%clk
0:22:04]} Rfb8 {[%clk 0:20:50]} 24. Rd2 {[%clk 0:22:21]} Rd6 {[%clk 0:20:00]} 25.
Rxd6 {[%clk 0:21:58]} cxd6 {[%clk 0:20:23]} 26. Kf1 {[%clk 0:21:23]} Kf7 {[%clk
0:19:24]} 27. Ke2 {[%clk 0:18:24]} e5 {[%clk 0:19:16]} 28. b4 {[%clk 0:16:10]}
cxb3 {[%clk 0:18:42]} 29. axb3 {[%clk 0:16:33]} Ke6 {[%clk 0:18:47]} 30. Kd3
{[%clk 0:14:03]} Kd5 {[%clk 0:18:32]} 31. c4+ {[%clk 0:14:02]} Kc5 {[%clk
0:18:46]} 32. Kc3 {[%clk 0:14:29]} a5 {[%clk 0:13:14]} 1/2-1/2

[Event "Poznan Chess Festival"]
[Site "chess24.com"]
[Date "2021.08.15"]
[Round "2"]
[White "Zimochocki, Roman"]
[Black "Duszczak, Dariusz"]
[Result "0-1"]
[Board "19"]
[WhiteElo "1491"]
[WhiteCountry "POL"]
[WhiteFideId "1131290"]
[WhiteEloChange "-3"]
[BlackElo "1822"]
[BlackCountry "POL"]
[BlackFideId "1126954"]
[BlackEloChange "3"]

1. d4 {[%clk 1:30:59]} f5 {[%clk 1:30:50]} 2. g3 {[%clk 1:31:16]} e6 {[%clk
1:31:05]} 3. Bg2 {[%clk 1:31:40]} Nf6 {[%clk 1:31:14]} 4. c4 {[%clk 1:31:38]} d5
{[%clk 1:31:33]} 5. cxd5 {[%clk 1:31:59]} exd5 {[%clk 1:31:38]} 6. Nh3 {[%clk
1:30:28]} c6 {[%clk 1:29:28]} 7. O-O {[%clk 1:30:38]} Bd6 {[%clk 1:23:33]} 8. Bf4
{[%clk 1:29:32]} O-O {[%clk 1:23:36]} 9. Qb3 {[%clk 1:25:01]} Kh8 {[%clk
1:13:38]} 10. Nc3 {[%clk 1:16:01]} Nh5 {[%clk 1:09:30]} 11. Bxd6 {[%clk 1:06:53]}
Qxd6 {[%clk 1:09:49]} 12. e3 {[%clk 1:05:13]} Nd7 {[%clk 1:07:30]} 13. Ne2 {[%clk
1:01:15]} Ndf6 {[%clk 1:04:42]} 14. Nhf4 {[%clk 0:55:03]} b6 {[%clk 1:03:17]} 15.
Nxh5 {[%clk 0:52:36]} Nxh5 {[%clk 1:03:35]} 16. Rfe1 {[%clk 0:50:31]} Ba6 {[%clk
0:58:41]} 17. Rac1 {[%clk 0:49:31]} Bc4 {[%clk 0:48:59]} 18. Qc3 {[%clk 0:49:49]}
Bb5 {[%clk 0:42:25]} 19. b3 {[%clk 0:47:15]} Rac8 {[%clk 0:42:42]} 20. Qd2 {[%clk
0:45:28]} Nf6 {[%clk 0:40:07]} 21. Nc3 {[%clk 0:45:38]} Ba6 {[%clk 0:39:04]} 22.
Bh3 {[%clk 0:45:34]} g6 {[%clk 0:37:45]} 23. Bf1 {[%clk 0:43:26]} Bxf1 {[%clk
0:37:34]} 24. Rxf1 {[%clk 0:43:55]} Ne4 {[%clk 0:37:06]} 25. Nxe4 {[%clk
0:42:39]} fxe4 {[%clk 0:37:28]} 26. Rc2 {[%clk 0:42:57]} a5 {[%clk 0:33:32]} 27.
Qe2 {[%clk 0:42:45]} h5 {[%clk 0:27:55]} 28. f4 {[%clk 0:39:05]} exf3 {[%clk
0:27:06]} 29. Rxf3 {[%clk 0:39:32]} Rxf3 {[%clk 0:27:25]} 30. Qxf3 {[%clk
0:40:00]} Rf8 {[%clk 0:27:48]} 31. Qg2 {[%clk 0:38:28]} Qe6 {[%clk 0:21:58]} 32.
Re2 {[%clk 0:38:40]} Re8 {[%clk 0:19:45]} 33. Qf3 {[%clk 0:38:28]} Kg7 {[%clk
0:19:43]} 34. Qg2 {[%clk 0:28:27]} Qf5 {[%clk 0:14:40]} 35. Re1 {[%clk 0:25:41]}
g5 {[%clk 0:13:29]} 36. Qe2 {[%clk 0:25:20]} g4 {[%clk 0:13:26]} 37. Rf1 {[%clk
0:25:21]} Qe4 {[%clk 0:13:39]} 38. Re1 {[%clk 0:23:42]} Rf8 {[%clk 0:13:24]} 39.
Qa6 {[%clk 0:16:48]} Qf3 {[%clk 0:10:56]} 40. Qe2 {[%clk 0:17:15]} Qxe2 {[%clk
0:04:10]} 41. Rxe2 {[%clk 0:17:44]} Rf3 {[%clk 0:04:00]} 42. Kg2 {[%clk 0:16:12]}
Kf6 {[%clk 0:04:09]} 43. Rf2 {[%clk 0:02:54]} Rxf2+ {[%clk 0:04:16]} 44. Kxf2
{[%clk 0:03:22]} Kf5 {[%clk 0:04:37]} 45. a3 {[%clk 0:03:12]} Ke4 {[%clk
0:04:15]} 46. Ke2 {[%clk 0:03:40]} b5 {[%clk 0:03:09]} 47. Kd2 {[%clk 0:02:43]}
Kf3 {[%clk 0:03:08]} 48. Kd3 {[%clk 0:03:10]} b4 {[%clk 0:02:39]} 49. a4 {[%clk
0:03:11]} Kg2 {[%clk 0:02:53]} 50. e4 {[%clk 0:03:38]} dxe4+ {[%clk 0:03:15]} 51.
Kxe4 {[%clk 0:04:03]} Kxh2 {[%clk 0:03:40]} 0-1

[Event "Poznan Chess Festival"]
[Site "chess24.com"]
[Date "2021.08.15"]
[Round "2"]
[White "Wawrzyniak, Pawel"]
[Black "Pilny, Piotr"]
[Result "1-0"]
[Board "20"]
[WhiteElo "1807"]
[WhiteCountry "POL"]
[WhiteFideId "21807477"]
[WhiteEloChange "3"]
[BlackElo "1484"]
[BlackCountry "POL"]
[BlackFideId "21064334"]
[BlackEloChange "-3"]

1. d4 {[%clk 1:30:52]} d5 {[%clk 1:30:49]} 2. Nf3 {[%clk 1:31:02]} Nf6 {[%clk
1:31:01]} 3. c4 {[%clk 1:31:21]} c6 {[%clk 1:31:16]} 4. e3 {[%clk 1:26:39]} a6
{[%clk 1:30:34]} 5. Be2 {[%clk 1:20:44]} b5 {[%clk 1:19:50]} 6. cxd5 {[%clk
1:13:04]} cxd5 {[%clk 1:19:37]} 7. O-O {[%clk 1:12:29]} e6 {[%clk 1:14:07]} 8.
Bd2 {[%clk 1:05:08]} Bd6 {[%clk 1:11:05]} 9. Ne5 {[%clk 0:57:13]} O-O {[%clk
1:04:26]} 10. f4 {[%clk 0:52:34]} Ne4 {[%clk 0:58:59]} 11. Be1 {[%clk 0:49:29]}
Qb6 {[%clk 0:52:51]} 12. Qb3 {[%clk 0:43:21]} Nd7 {[%clk 0:36:23]} 13. Nd2 {[%clk
0:40:52]} Ndf6 {[%clk 0:32:10]} 14. Bd3 {[%clk 0:38:47]} Nxd2 {[%clk 0:25:52]}
15. Bxd2 {[%clk 0:39:04]} Ne4 {[%clk 0:23:19]} 16. Bxe4 {[%clk 0:33:47]} Bxe5
{[%clk 0:20:33]} 17. Bxh7+ {[%clk 0:33:12]} Kxh7 {[%clk 0:20:41]} 18. fxe5 {[%clk
0:33:34]} a5 {[%clk 0:17:21]} 19. Rf3 {[%clk 0:12:31]} Ba6 {[%clk 0:12:02]} 20.
Be1 {[%clk 0:12:14]} Rac8 {[%clk 0:11:02]} 21. Bh4 {[%clk 0:10:06]} Qa7 {[%clk
0:08:29]} 22. Qd3+ {[%clk 0:09:22]} Kg8 {[%clk 0:08:30]} 23. Rg3 {[%clk 0:09:44]}
b4 {[%clk 0:06:11]} 24. Qd1 {[%clk 0:10:07]} Qc7 {[%clk 0:04:52]} 25. Rxg7+
{[%clk 0:10:14]} Kxg7 {[%clk 0:04:34]} 26. Bf6+ {[%clk 0:10:38]} Kh6 {[%clk
0:03:02]} 27. Qg4 {[%clk 0:10:49]} Rg8 {[%clk 0:01:18]} 28. Qh4+ {[%clk 0:11:09]}
Kg6 {[%clk 0:01:26]} 29. Qg5+ {[%clk 0:11:37]} 1-0

[Event "Poznan Chess Festival"]
[Site "chess24.com"]
[Date "2021.08.15"]
[Round "2"]
[White "Lesien, Tymoteusz"]
[Black "Trybowska, Barbara"]
[Result "0-1"]
[Board "21"]
[WhiteElo "1307"]
[WhiteCountry "POL"]
[WhiteFideId "21832676"]
[WhiteEloChange "-2"]
[BlackElo "1807"]
[BlackCountry "POL"]
[BlackFideId "1172956"]
[BlackEloChange "2"]

1. d4 {[%clk 1:30:55]} Nf6 {[%clk 1:30:55]} 2. c4 {[%clk 1:31:22]} e6 {[%clk
1:31:20]} 3. Nc3 {[%clk 1:31:47]} Bb4 {[%clk 1:31:44]} 4. Bg5 {[%clk 1:32:13]} h6
{[%clk 1:32:06]} 5. Bxf6 {[%clk 1:32:35]} Qxf6 {[%clk 1:32:21]} 6. e4 {[%clk
1:33:02]} e5 {[%clk 1:31:53]} 7. d5 {[%clk 1:28:06]} Qg6 {[%clk 1:31:31]} 8. Qc2
{[%clk 1:26:03]} Bxc3+ {[%clk 1:31:40]} 9. bxc3 {[%clk 1:26:25]} Na6 {[%clk
1:31:33]} 10. g3 {[%clk 1:24:21]} Nc5 {[%clk 1:30:51]} 11. Bg2 {[%clk 1:24:03]}
O-O {[%clk 1:29:13]} 12. Ne2 {[%clk 1:23:25]} d6 {[%clk 1:26:33]} 13. O-O {[%clk
1:20:30]} f5 {[%clk 1:25:01]} 14. exf5 {[%clk 1:19:42]} Bxf5 {[%clk 1:25:20]} 15.
Qd2 {[%clk 1:06:10]} Bd3 {[%clk 1:23:26]} 16. Rfd1 {[%clk 0:57:04]} Bxc4 {[%clk
1:20:34]} 17. Nc1 {[%clk 0:57:12]} Rae8 {[%clk 1:19:08]} 18. Nb3 {[%clk 0:56:52]}
Bxb3 {[%clk 1:17:01]} 19. axb3 {[%clk 0:53:31]} Nxb3 {[%clk 1:17:24]} 20. Qb2
{[%clk 0:53:58]} Nxa1 {[%clk 1:17:47]} 21. Rxa1 {[%clk 0:54:24]} a6 {[%clk
1:14:56]} 22. Qxb7 {[%clk 0:54:08]} Qc2 {[%clk 1:13:40]} 23. Rf1 {[%clk 0:53:48]}
Qxc3 {[%clk 1:13:49]} 24. Qxa6 {[%clk 0:53:44]} e4 {[%clk 1:13:14]} 25. Qa1
{[%clk 0:53:37]} Qxa1 {[%clk 1:12:57]} 26. Rxa1 {[%clk 0:54:00]} Rf5 {[%clk
1:13:14]} 27. Rd1 {[%clk 0:52:48]} Kf7 {[%clk 1:11:59]} 28. Bh3 {[%clk 0:51:09]}
Rfe5 {[%clk 1:12:05]} 29. Bd7 {[%clk 0:51:24]} Rb8 {[%clk 1:11:29]} 30. Bc6
{[%clk 0:50:14]} Rb2 {[%clk 1:10:22]} 31. Re1 {[%clk 0:48:33]} g5 {[%clk
1:09:10]} 32. Kf1 {[%clk 0:42:28]} Rf5 {[%clk 1:07:48]} 33. Re2 {[%clk 0:41:55]}
Rxe2 {[%clk 1:07:59]} 34. Kxe2 {[%clk 0:42:19]} Kf6 {[%clk 1:08:18]} 0-1

[Event "Poznan Chess Festival"]
[Site "chess24.com"]
[Date "2021.08.15"]
[Round "2"]
[White "Podobinski, Piotr"]
[Black "Chaczynski, Kamil"]
[Result "0-1"]
[Board "25"]
[WhiteElo "1130"]
[WhiteCountry "POL"]
[WhiteFideId "21063141"]
[WhiteEloChange "-2"]
[BlackElo "2040"]
[BlackCountry "POL"]
[BlackFideId "21807906"]
[BlackEloChange "2"]

1. d4 {[%clk 1:30:56]} Nf6 {[%clk 1:30:59]} 2. Nc3 {[%clk 1:31:16]} d5 {[%clk
1:31:26]} 3. Bf4 {[%clk 1:31:39]} Bf5 {[%clk 1:31:49]} 4. f3 {[%clk 1:31:26]} e6
{[%clk 1:31:56]} 5. g4 {[%clk 1:31:37]} Bg6 {[%clk 1:32:10]} 6. h4 {[%clk
1:31:33]} h5 {[%clk 1:32:34]} 7. g5 {[%clk 1:31:49]} Nfd7 {[%clk 1:32:57]} 8. e3
{[%clk 1:31:47]} a6 {[%clk 1:33:08]} 9. Bd3 {[%clk 1:30:41]} Bxd3 {[%clk
1:33:28]} 10. Qxd3 {[%clk 1:29:55]} c5 {[%clk 1:33:22]} 11. Nge2 {[%clk 1:27:13]}
Nc6 {[%clk 1:33:22]} 12. a3 {[%clk 1:21:41]} b5 {[%clk 1:33:11]} 13. e4 {[%clk
1:17:44]} dxe4 {[%clk 1:26:13]} 14. Qxe4 {[%clk 1:13:47]} Nxd4 {[%clk 1:24:17]}
15. Nxd4 {[%clk 1:13:57]} cxd4 {[%clk 1:24:38]} 16. Nd5 {[%clk 1:11:39]} Rc8
{[%clk 1:21:26]} 17. b4 {[%clk 1:07:00]} Nc5 {[%clk 1:09:50]} 18. Nc7+ {[%clk
0:59:41]} Qxc7 {[%clk 1:09:49]} 19. bxc5 {[%clk 0:58:54]} Qxc5 {[%clk 1:10:09]}
20. O-O {[%clk 0:57:22]} Bd6 {[%clk 1:09:13]} 21. Bxd6 {[%clk 0:55:34]} Qxd6
{[%clk 1:09:42]} 22. Rad1 {[%clk 0:54:14]} O-O {[%clk 1:09:21]} 23. Rxd4 {[%clk
0:53:59]} Qxa3 {[%clk 1:08:03]} 24. g6 {[%clk 0:53:57]} Qe7 {[%clk 1:07:20]} 25.
Ra1 {[%clk 0:52:00]} f5 {[%clk 1:06:51]} 26. Qe5 {[%clk 0:51:29]} Rc5 {[%clk
1:05:50]} 27. Rd7 {[%clk 0:49:51]} Qxd7 {[%clk 1:06:19]} 28. Qxc5 {[%clk
0:50:09]} Rc8 {[%clk 1:05:07]} 29. Qb6 {[%clk 0:48:17]} Qe8 {[%clk 1:04:41]} 30.
Qxa6 {[%clk 0:47:15]} Qxg6+ {[%clk 1:05:05]} 31. Kf1 {[%clk 0:45:50]} Rxc2 {[%clk
1:05:18]} 32. Qxb5 {[%clk 0:45:34]} Qg2+ {[%clk 1:05:40]} 33. Ke1 {[%clk
0:45:56]} Qf2+ {[%clk 1:05:58]} 0-1